Agrometeorology of Plantation crops / (Record no. 1308)
[ view plain ]
| 000 -LEADER | |
|---|---|
| fixed length control field | 00577cam a2200229ua 4500 |
| 041 ## - LANGUAGE CODE | |
| Language code of text/sound track or separate title | eng |
| 082 ## - DEWEY DECIMAL CLASSIFICATION NUMBER | |
| Classification number | 633.082 |
| Item number | PRA/AG |
| 100 ## - MAIN ENTRY--AUTHOR NAME | |
| Personal name | Prasada Rao, G S L H V. |
| 245 00 - TITLE STATEMENT | |
| Title | Agrometeorology of Plantation crops / |
| 250 ## - EDITION STATEMENT | |
| Edition statement | 1 / |
| 260 ## - PUBLICATION, DISTRIBUTION, ETC. (IMPRINT) | |
| Place of publication | Thrissur : |
| Name of publisher | Kerala Agricultural University , |
| Year of publication | 1988. |
| 300 ## - PHYSICAL DESCRIPTION | |
| Number of Pages | 187 ; . |
| 942 ## - ADDED ENTRY ELEMENTS (KOHA) | |
| Koha item type | Books |
| Withdrawn status | Lost status | Damaged status | Home library | Current library | Date acquired | Full call number | Accession Number | Koha item type |
|---|---|---|---|---|---|---|---|---|
| KAUAET | KAUAET | 28/10/1988 | 633.082 | 16429 | Books | |||
| KAUAET | KAUAET | 28/10/1988 | 633.082 | 16432 | Books | |||
| KAUAET | KAUAET | 28/10/1988 | 633.082 | 16433 | Books | |||
| KAUAET | KAUAET | 28/10/1988 | 633.082 | 16431 | Books | |||
| KAUAET | KAUAET | 28/10/1988 | 633.082 | 16430 | Books |
